|
|
|
|
| LEADER |
02219nam a2200493 a 4500 |
| 001 |
000772932 |
| 003 |
CZ BrMZK |
| 005 |
20060731153948.0 |
| 007 |
ta |
| 008 |
050503s2005 xr a erp 000 0 cze d |
| 015 |
|
|
|a cnb001530925
|
| 020 |
|
|
|a 80-210-3653-2
|q (brož.)
|
| 040 |
|
|
|a BOA001
|b cze
|
| 043 |
|
|
|a e-xr---
|
| 072 |
|
7 |
|a 657
|x Účetnictví
|2 Konspekt
|9 4
|
| 072 |
|
7 |
|a 37.016
|x Učební osnovy. Vyučovací předměty. Učebnice
|2 Konspekt
|9 22
|
| 080 |
|
|
|a 332.72
|2 MRF
|
| 080 |
|
|
|a 657.922
|2 MRF
|
| 080 |
|
|
|a 347.214.2
|2 MRF
|
| 080 |
|
|
|a 657.92:502.21
|2 MRF
|
| 080 |
|
|
|a (437.3)
|2 MRF
|
| 080 |
|
|
|a (075.8)
|2 MRF
|
| 100 |
1 |
|
|a Žítek, Vladimír,
|d 1975-
|7 xx0002556
|4 aut
|
| 245 |
1 |
0 |
|a Oceňování nemovitostí a přírodních zdrojů :
|b distanční studijní opora /
|c Vladimír Žítek
|
| 250 |
|
|
|a Vyd. 1.
|
| 260 |
|
|
|a Brno :
|b Masarykova univerzita v Brně, Ekonomicko-správní fakulta,
|c 2005
|
| 300 |
|
|
|a 120, [11] s. :
|b il. ;
|c 29 cm
|
| 500 |
|
|
|a V tiráži nad názvem: Masarykova univerzita v Brně, Ekonomicko-správní fakulta, Centrum distančního a celoživotního vzdělávání
|
| 500 |
|
|
|a Terminologický slovník
|
| 500 |
|
|
|a 105 výt.
|
| 504 |
|
|
|a Obsahuje bibliografii a rejstřík
|
| 500 |
|
|
|a Dostupné též v digitální podobě v aplikaci Kramerius
|
| 650 |
0 |
7 |
|a trh nemovitostí
|7 ph126738
|z Česko
|2 czenas
|
| 650 |
0 |
7 |
|a oceňování nemovitostí
|7 ph137374
|z Česko
|2 czenas
|
| 650 |
0 |
7 |
|a oceňování přírodních zdrojů
|7 ph359611
|z Česko
|2 czenas
|
| 655 |
|
7 |
|a učebnice vysokých škol
|7 fd133772
|2 czenas
|
| 710 |
2 |
|
|a Masarykova univerzita.
|b Centrum distančního a celoživotního vzdělávání
|7 kn20050729001
|
| 856 |
4 |
1 |
|u http://www.digitalniknihovna.cz/mzk/uuid/uuid:4b7f7e90-8eaa-11e6-baa5-005056827e51
|y Digitalizovaný dokument
|x NDK
|
| 910 |
|
|
|a BOA001
|b 3-1151.817
|
| 990 |
|
|
|a BK
|
| 991 |
|
|
|b 200506
|c NOV
|
| 996 |
6 |
|
|b 2610249488
|c 3-1151.817
|l MZK
|r Sklad / do 1 hodiny
|n 4
|p p.v.
|w 000772932
|u 000010
|a 1
|e BOA001
|j MZK50
|s P
|
| 996 |
7 |
|
|b 2610249489
|c 3-1151.817
|l MZK
|r Sklad / do 1 hodiny
|n 16
|p p.v.
|w 000772932
|u 000020
|a 1
|e BOA001
|j MZK50
|s A
|
| 996 |
7 |
|
|b 2610255180
|c 3-1151.817
|l MZK
|r Sklad / do 1 hodiny
|n 7
|p kup
|w 000772932
|u 000030
|a 1
|e BOA001
|j MZK50
|s A
|